Statistiken für Top 15 Länder mit Covid-19-Todesfällen - 17. März 2021

Klicken Sie hier um das Quiz zu spielen!

Allgemein

  • Dieses Quiz wurde 11 mal gespielt
  • Das Durchschnittsergebnis liegt bei 17 aus 24

Antwortstatistiken

Land% Korrekt
Argentinien
100%
Brasilien
100%
Deutschland
100%
Indien
100%
Russland
100%
Vereinigtes Königreich
100%
Vereinigte Staaten
100%
Frankreich
91%
Spanien
91%
Iran
82%
Mexiko
82%
Italien
73%
Kolumbien
73%
Peru
73%
Belgien
64%
Portugal
64%
Tschechien
64%
Südafrika
55%
Slowakei
45%
Bulgarien
36%
Slowenien
36%
Nordmazedonien
27%
Ungarn
27%
Bosnien und
Herzegowina
18%

Verteilung der Resultate

Perzentil nach korrekt beantworteten Fragen

Anzahl Personen mit jedem Resultat

Ihre Resultats-Entwicklung

Sie haben dieses Quiz noch nicht gespielt